000 00378 a2200133 4500
001 91983
082 _aPR 1773
090 _c43937
_d43936
100 _aAbdul Ahad; Prof Atique ur Reaman, Advisor
245 _aDevelopment of FPGA Based Encryption Module for Data Communication
_n66 "B" EC
260 _aRawalpindi
_bNUST
_c2009
300 _a92p
500 _aBE Project Reports
942 _aCAE NUST
_kPR 1773
999 _c327056
_d327056